Southville International School and Colleges
Your cart is empty.
  • Cart
  • Lists
    Public lists Eva Luna New books Lux_list list_1
    Your lists Log in to create your own lists
  • Log in to your account
  • Your cookies
  • Search history
Southville International School and Colleges
  • Advanced search
  • Recent comments
  • Most popular
  • Libraries

Log in to your account

Log in with GOOGLE


If you do not have an external account, but do have a local account, you can still log in:

  1. Home
  2. MARC view: The usborne illustrated dictionary of chemistry
Normal view MARC view ISBD view

The usborne illustrated dictionary of chemistry (Record no. 2156)

[ view plain ]
MARC details
000 -LEADER
fixed length control field 00539nam a22001937a 4500
003 - CONTROL NUMBER IDENTIFIER
control field PILC
005 - DATE AND TIME OF LATEST TRANSACTION
control field 20160106143445.0
008 - FIXED-LENGTH DATA ELEMENTS--GENERAL INFORMATION
fixed length control field 130307t xxu||||| |||| 00| 0 eng d
020 ## - INTERNATIONAL STANDARD BOOK NUMBER
International Standard Book Number 9780746077467
050 ## - LIBRARY OF CONGRESS CALL NUMBER
Classification number Q123
Item number .St865 2006
082 ## - DEWEY DECIMAL CLASSIFICATION NUMBER
Classification number IB 540.3
Item number W49 2006
100 ## - MAIN ENTRY--PERSONAL NAME
Personal name Stockley, Corrine
245 ## - TITLE STATEMENT
Title The usborne illustrated dictionary of chemistry
Statement of responsibility, etc Corinne Stockley, Chris Oxlade, and Jane Wertheim
260 ## - PUBLICATION, DISTRIBUTION, ETC. (IMPRINT)
Place of publication, distribution, etc Tulsa, Okla. :
Name of publisher, distributor, etc EDC Pub.,
Date of publication, distribution, etc c2006
300 ## - PHYSICAL DESCRIPTION
Dimensions 25 cm
562 ## - COPY AND VERSION IDENTIFICATION NOTE
Number of copies 1
942 ## - ADDED ENTRY ELEMENTS (KOHA)
Source of classification or shelving scheme Library of Congress Classification
Koha item type Books
Holdings
Withdrawn status Lost status Source of classification or shelving scheme Damaged status Home library Current library Shelving location Date acquired Source of acquisition Total Checkouts Total Renewals Full call number Barcode Date last seen Date checked out Copy number Price effective from Koha item type
    Library of Congress Classification   Luxembourg Library Luxembourg Library International Baccalaureate Section 03/07/2013 Donation 1 4 Q 123 .St865 2006 15837 10/16/2018 09/04/2018 1 10/03/2013 Books

The usborne illustrated dictionary of chemistry

APA

Stockley C., . (2006). The usborne illustrated dictionary of chemistry. Tulsa, Okla: EDC Pub.

Chicago

Stockley Corrine, . 2006. The usborne illustrated dictionary of chemistry. Tulsa, Okla: EDC Pub.

Harvard

Stockley C., . (2006). The usborne illustrated dictionary of chemistry. Tulsa, Okla: EDC Pub.

MLA

Stockley Corrine, . The usborne illustrated dictionary of chemistry. Tulsa, Okla: EDC Pub. 2006.

  • Place hold
  • Print
  • Cite
  • Add to your cart (remove)
  • Save record
    BIBTEX Dublin Core MARCXML MARC (non-Unicode/MARC-8) MARC (Unicode/UTF-8) MARC (Unicode/UTF-8, Standard) MODS (XML) RIS
  • More searches
    Search for this title in:
    Other Libraries (WorldCat) Other Databases (Google Scholar) Online Stores (Bookfinder.com) Open Library (openlibrary.org)

Exporting to Dublin Core...

SOUTHVILLE LIBRARY

Southville International School and Colleges Library

1281 Tropical Ave. Cor. Luxembourg St., BF Homes International, Las Pinas City

Tel. No. 8256374 / 252358 Loc. 117/146

Powered by Koha